[Event "Trois-Rivieres Elimination 1/8 final"]
[Site "Trois Rivieres"]
[Date "1976.03.01"]
[Round "3"]
[White "Gariepy, Mario"]
[Black "Champagne, Jean Marc"]
[Result "1-0"]
[WhiteElo "1190"]
[BlackElo "1509"]
[PlyCount "63"]
[EventDate "1976.01.28"]
[EventType "swiss"]
[EventRounds "4"]
[EventCountry "CAN"]
[SourceTitle "EXT 2022"]
[Source "ChessBase"]
[SourceDate "2021.10.06"]
[SourceVersion "1"]
[SourceVersionDate "2021.10.06"]
[SourceQuality "1"]

1. e4 e5 2. Nf3 Nc6 3. Bb5 Nd4 4. Nxd4 exd4 5. c3 c6 6. Ba4 Bc5 7. cxd4 Bxd4 8. Nc3 Ne7 9. Ne2 Bb6 10. d4 d5 11. e5 0-0 12. Bc2 Bf5 13. Bg5 Bxc2 14. Qxc2 Qd7 15. h4 Nf5 16. 0-0-0 c5 17. dxc5 Bxc5 18. Nf4 Bd4 19. Qd2 Qa4 20. Kb1 h6 21. g4 hxg5 22. gxf5 Bxe5 23. Nxd5 gxh4 24. f4 Rfe8 25. fxe5 Rxe5 26. f6 g5 27. Rhg1 Qe4+ 28. Ka1 g4 29. Qh6 Qh7 30. Rxg4+ Kh8 31. Rxh4 Qxh6 32. Rxh6+ 1-0

[Event "Trois-Rivieres Elimination 1/8 final"]
[Site "Trois Rivieres"]
[Date "1976.02.16"]
[Round "1"]
[White "Gariepy, Mario"]
[Black "Champagne, Jean Marc"]
[Result "0-1"]
[WhiteElo "1190"]
[BlackElo "1509"]
[PlyCount "118"]
[EventDate "1976.01.28"]
[EventType "swiss"]
[EventRounds "4"]
[EventCountry "CAN"]
[SourceTitle "EXT 2022"]
[Source "ChessBase"]
[SourceDate "2021.10.06"]
[SourceVersion "1"]
[SourceVersionDate "2021.10.06"]
[SourceQuality "1"]

1. e4 d5 2. exd5 Nf6 3. c4 c6 4. d4 cxd5 5. Nc3 Bg4 6. f3 Bh5 7. Bd3 e6 8. c5 Nc6 9. Bc2 Be7 10. a3 0-0 11. Nge2 e5 12. b4 a6 13. 0-0 Re8 14. dxe5 Nxe5 15. Nf4 d4 16. Nce2 Nc6 17. Nxh5 Nxh5 18. Qd3 Nf6 19. Rd1 Bf8 20. Bb2 Qc7 21. Nxd4 Rad8 22. Qf1 Nd5 23. Qf2 Ne3 24. Rd3 Nxc2 25. Qxc2 Nxd4 26. Rxd4 b6 27. Rxd8 Rxd8 28. Rc1 bxc5 29. bxc5 Qc6 30. Qe4 Bxc5+ 31. Kh1 Qb5 32. Qe5 f6 33. Qe6+ Kh8 34. Bxf6 Re8 35. Bxg7+ Kxg7 36. Qg4+ Kh8 37. h3 Bxa3 38. Qd4+ Qe5 39. Qxe5+ Rxe5 40. Rc8+ Kg7 41. Ra8 a5 42. Ra7+ Kg6 43. Ra6+ Kg5 44. g3 Re1+ 45. Kg2 Bb4 46. f4+ Kf5 47. Rh6 Rc1 48. Kf3 Rc3+ 49. Kg2 a4 50. Rxh7 a3 51. Rf7+ Kg6 52. Ra7 Rc2+ 53. Kf3 a2 54. Ra6+ Kf7 55. Ra7+ Ke8 56. Ke3 Rc3+ 57. Kd4 Ra3 58. Rxa3 Bxa3 59. Kc3 a1Q+ 0-1